|
|
|
|
| LEADER |
00000nab a2200000 a 4500 |
| 001 |
vtls000917239 |
| 003 |
SK-MaSNL |
| 005 |
20260303194645.0 |
| 008 |
140417e19920000xo 0 slo |
| 035 |
|
|
|a KE26118
|
| 040 |
|
|
|a KEVKJB
|b slo
|c KEVKJB
|e AACR2
|
| 041 |
0 |
|
|a slo
|
| 044 |
|
|
|a xo
|c SK
|
| 080 |
|
|
|a 792.9
|2 1981
|
| 100 |
1 |
|
|a Petraško, Ľudovít,
|d 1949-
|4 aut
|9 89986
|
| 245 |
1 |
0 |
|a Poézia pre všedný deň
|b O Arturovi v Košiciach
|c Ľudovít Petraško
|
| 600 |
1 |
7 |
|a Bachratý, Radek,
|d 1967-
|2 KEVKJB
|9 16552
|
| 610 |
2 |
7 |
|a Bábkové divadlo v Košiciach
|2 KEVKJB
|9 29577
|
| 650 |
0 |
7 |
|a O Artúrovi (...ako prišiel a odišiel)
|2 KEVKJB
|9 1227023
|
| 651 |
|
7 |
|a Košice (Slovensko)
|2 KEVKJB
|9 18694
|
| 773 |
0 |
|
|t Javisko
|g Roč. 24
|
| 852 |
|
|
|a ZVYKNI
|b KIS3GCP
|
| 999 |
|
|
|c 2158735
|d 2160665
|